000 00819nam0a22002411 4500
001 RU\NLR\INFOCOMM_195\5000048612
005 20250613092652.0
035 _a(NLR Aleph) 009170787
090 _a8511667
_c8511667
100 _a20100225d1927 |||y0rusy50 ca
101 0 _ager
102 _aRU
105 _ay ||||000|y
200 1 _aWas bringt der Arbeiterin die soziale Versicherung?
_eDeutsch nach der 2. Aufl. des Verlags "Arbeitsfragen"
_fVon N. I. Bychowski
210 _aPokrowsk
_cHauptversicherungskasse der Aut. Soz. Räte-Republik der Wolgadeutschen
_d1927
215 _a20 с.
_d17 см
700 1 _9z01790
_aBychovskij
_bN. I.
_gNaum Isaakovič
_4070
790 1 _9z01700
_aBychowski
_bN. I.
_4070
801 1 _aRU
_bNLR
_c20100225
801 0 _aRU
_bNLR
_gPSBO
852 _aNLR
_jЕ-8/1387
942 _cBOOK
980 _aNB